000
00304nam a22001337a 4500
008
180118b xxu||||| |||| 00| 0 eng d
020
_a
2901599411506
041
_a
eng
080
_2
9 ED
_a
34
100
_a
14
101
_a
JUR
245
_a
CONTRAST CASES AND COMENT
_c
JOHN.P.D
942
_2
udc
_c
BK
999
_c
40487
_d
40487